• 首页
  • 本馆介绍
  • 公告通知
  • 最新文献
  • 馆藏检索
  • 电子资源
  • 读者导购
  • 参考咨询
  • 我的图书馆
  • 登录
  • 详细信息显示
  • 放入我的书架
  • 预约/预借图书
  • 作者相关作品
  • 分类相关作品
  • 丛书相关作品
  • 出版社相关作品

书目信息

  • 表格格式
  • 工作单格式
  • 卡片格式
题名:
基础物理学的辩证法
    
 
作者: 申先甲 著
分册:  
出版信息: 北京   科学出版社  1983.1
页数: 336页
开本: 20cm
丛书名:
单 册:
中图分类: O4-03
科图分类:
主题词: 物理学--科学方法认论
电子资源:
ISBN:
000 00532nam0 2200193 45
001 0312221749
005 20060719112218.31
010    @dCNY1.35
091    @a13031.2119
100    @a20031222d1983 km y0chiy0120 ea
101    @achi
200 1  @a基础物理学的辩证法@AJi Chu Wu Li Xue De Bian Zheng Fa@f申先甲著@FShen Xian Jia Zhu
210    @a北京@c科学出版社@d1983.1
215    @a336页@d20cm
606 0  @a物理学@x科学方法认论
690    @aO4-03@v3
701 0  @a申先甲@4著
801    @aCN@bTSTCL@c20060719
905    @dO4-03@e36@f1@b80095
    
    基础物理学的辩证法/申先甲著.-北京:科学出版社,1983.1
    336页;20cm
    
    
    ISBN :CNY1.35
    
●
相关链接 在E读中查询图书 在五车中查询图书 在当当中查询图书 在豆瓣中查询图书


正题名:基础物理学的辩证法     索取号:O4-03/36         预约/预借

序号 登录号 条形码 馆藏地/架位号 状态 备注
1 0080095   001976767   第三借阅区/ [索取号:O4-03/36] 在馆    
2 0080096   000388529   第三借阅区/ [索取号:O4-03/36] 在馆    
3 0080097   202095320   第二样本阅览室/ [索取号:O4-03/36] 在馆    
4 0276968   202185161   密集书库/ [索取号:O4-03/36] 在馆    
5 0432358   204323589   密集书库/ [索取号:O4-03/36] 在馆    
唐山师范学院图书馆 欢迎您!
大连网信软件有限公司© 版权所有